[Event "CAN-op (Pinnacle 48th CAN Op Ch)"]
[Site "Toronto CAN"]
[Date "2011.07.16"]
[Round "8"]
[White "Larochelle, Martial"]
[Black "Plotkin, Victor"]
[Result "1/2-1/2"]
[WhiteElo "2214"]
[BlackElo "2411"]
[PlyCount "95"]
[GameId "2160767909707473"]
[EventDate "2011.07.09"]
[EventType "swiss"]
[EventRounds "9"]
[EventCountry "CAN"]
[SourceTitle "hb 2011"]

1. c4 Nf6 2. g3 c6 3. Bg2 d5 4. Nf3 g6 5. b3 Bg7 6. Bb2 O-O 7. O-O Bf5 8. d3 Re8 9. Nbd2 Na6 10. a3 h6 11. b4 g5 12. Rc1 e6 13. Qc2 Nc7 14. Rfe1 Bg6 15. e4 dxe4 16. dxe4 Nd7 17. Bxg7 Kxg7 18. Qc3+ e5 19. Bh3 f6 20. Bf5 Bh5 21. Nb3 Qe7 22. Nfd2 Nf8 23. Nf1 Nce6 24. Ne3 Qc7 25. Bxe6 Nxe6 26. Nf5+ Kh7 27. c5 Red8 28. Qc4 Bf7 29. Nd6 Bg8 30. Qc3 b6 31. Red1 bxc5 32. bxc5 Nxc5 33. Nxc5 Rxd6 34. Rxd6 Qxd6 35. Nb7 Qe7 36. Qxc6 Be6 37. Qc7 Qxc7 38. Rxc7+ Kg6 39. Re7 Bh3 40. f3 h5 41. Kf2 Rc8 42. Nd6 Rc6 43. Nf7 Rc2+ 44. Ke1 Rxh2 45. Nh8+ Kh6 46. Nf7+ Kg6 47. Nh8+ Kh6 48. Nf7+ 1/2-1/2

[Event "CAN-op (Pinnacle 48th CAN Op Ch)"]
[Site "Toronto CAN"]
[Date "2011.07.16"]
[Round "8"]
[White "Le, Ken"]
[Black "Sharpe, Michael"]
[Result "0-1"]
[WhiteElo "1660"]
[BlackElo "1662"]
[PlyCount "72"]
[GameId "2160767909707474"]
[EventDate "2011.07.09"]
[EventType "swiss"]
[EventRounds "9"]
[EventCountry "CAN"]
[SourceTitle "EXT 2022"]
[Source "ChessBase"]
[SourceDate "2021.10.06"]
[SourceVersion "1"]
[SourceVersionDate "2021.10.06"]
[SourceQuality "1"]

1. a3 d5 2. Nf3 Nf6 3. g3 g6 4. Bg2 a5 5. O-O Bg7 6. d4 c6 7. Bf4 O-O 8. Nc3 Nbd7 9. Qc1 b6 10. Bh6 Ba6 11. Bxg7 Kxg7 12. h4 h5 13. Ng5 Rc8 14. f4 e6 15. Bh3 Re8 16. Qe3 Nf8 17. Rae1 Qc7 18. Qf3 c5 19. Qe3 cxd4 20. Qxd4 Qc5 21. Qxc5 Rxc5 22. Rf3 b5 23. b4 Rc6 24. Rd1 Rec8 25. Rdd3 axb4 26. axb4 Rc4 27. f5 gxf5 28. Bg2 Ne4 29. Nd1 Rxc2 30. Rfe3 Rc1 31. Bxe4 fxe4 32. Nxe4 dxe4 33. Rxe4 R8c4 34. Re5 Kh6 35. Kf2 Ng6 36. Rg5 Rxb4 0-1

[Event "CAN-op (Pinnacle 48th CAN Op Ch)"]
[Site "Toronto CAN"]
[Date "2011.07.16"]
[Round "8"]
[White "Macak, Stefan"]
[Black "McTavish, Dale"]
[Result "1-0"]
[WhiteElo "2391"]
[BlackElo "2205"]
[PlyCount "85"]
[GameId "2160767909707476"]
[EventDate "2011.07.09"]
[EventType "swiss"]
[EventRounds "9"]
[EventCountry "CAN"]
[SourceTitle "EXT 2022"]
[Source "ChessBase"]
[SourceDate "2021.10.06"]
[SourceVersion "1"]
[SourceVersionDate "2021.10.06"]
[SourceQuality "1"]

1. g3 d5 2. Bg2 Nf6 3. Nf3 Bf5 4. O-O e6 5. d3 h6 6. Nbd2 Nbd7 7. Re1 Be7 8. e4 dxe4 9. dxe4 Bh7 10. a3 O-O 11. Qe2 Re8 12. e5 Nd5 13. Ne4 Bf8 14. Bd2 Nc5 15. Nxc5 Bxc5 16. Qb5 Bb6 17. c4 c6 18. Qa4 Ne7 19. Rad1 Qc8 20. Bb4 c5 21. Bc3 Nc6 22. Nd2 Rd8 23. Ne4 Bxe4 24. Bxe4 Nd4 25. Kg2 Qd7 26. Qxd7 Rxd7 27. Rd2 a5 28. Red1 a4 29. Rd3 Kf8 30. Bd2 Ba5 31. Be3 Rad8 32. f4 Ke7 33. Kf2 f6 34. exf6+ gxf6 35. Bg2 Rd6 36. h4 Rb6 37. Rb1 Rd7 38. f5 e5 39. Bxh6 Nxf5 40. Rxd7+ Kxd7 41. Bh3 Ke6 42. Rf1 Rb3 43. Bc1 1-0

[Event "CAN-op (Pinnacle 48th CAN Op Ch)"]
[Site "Toronto CAN"]
[Date "2011.07.16"]
[Round "8"]
[White "Manalo, Pepin"]
[Black "Pitre, Hanniegn"]
[Result "0-1"]
[WhiteElo "1769"]
[BlackElo "1907"]
[PlyCount "98"]
[GameId "2160767909707477"]
[EventDate "2011.07.09"]
[EventType "swiss"]
[EventRounds "9"]
[EventCountry "CAN"]
[SourceTitle "EXT 2022"]
[Source "ChessBase"]
[SourceDate "2021.10.06"]
[SourceVersion "1"]
[SourceVersionDate "2021.10.06"]
[SourceQuality "1"]

1. e4 c6 2. c4 d5 3. cxd5 cxd5 4. exd5 Nf6 5. Bb5+ Nbd7 6. Nc3 a6 7. Qa4 axb5 8. Qxa8 b4 9. Nb5 Nb6 10. Qb8 Nfxd5 11. Nf3 Nd7 12. Qg3 Qb6 13. Nbd4 e5 14. Nb3 Nf4 15. Ng5 Qb5 16. Qf3 Nf6 17. h3 Bf5 18. d4 Nd3+ 19. Kd2 e4 20. Qe2 Be7 21. f3 exf3 22. gxf3 Nd5 23. Rg1 O-O 24. Ne4 N5f4 25. Qf1 Bxh3 26. Qd1 Rc8 27. Nbc5 Nxc5 28. Nxc5 Rxc5 29. Ke3 Nd5+ 30. Kf2 Bh4+ 31. Rg3 Rc2+ 32. Bd2 Qd3 33. Qe1 Rxd2+ 34. Kg1 Qxd4+ 35. Kh1 Bg2+ 36. Kh2 Bxf3+ 37. Kh3 Nf6 38. Rc1 Qd7+ 39. Kxh4 Rh2+ 40. Kg5 Rh5+ 41. Kf4 Qf5+ 42. Ke3 Qe4+ 43. Kf2 Rh2+ 44. Kg1 Rh1+ 45. Kf2 Rxe1 46. Rxe1 g6 47. Rxe4 Nxe4+ 48. Kxf3 Nxg3 49. Kxg3 f5 0-1

[Event "CAN-op (Pinnacle 48th CAN Op Ch)"]
[Site "Toronto CAN"]
[Date "2011.07.16"]
[Round "8"]
[White "Morabito, Matthew"]
[Black "Loadman, Ian"]
[Result "0-1"]
[WhiteElo "2016"]
[BlackElo "2218"]
[PlyCount "98"]
[GameId "2160767909707480"]
[EventDate "2011.07.09"]
[EventType "swiss"]
[EventRounds "9"]
[EventCountry "CAN"]
[SourceTitle "hb 2011"]

1. e4 e5 2. Nf3 Nc6 3. Bb5 a6 4. Ba4 Nf6 5. O-O Be7 6. d4 exd4 7. e5 Ne4 8. Bxc6 dxc6 9. Qxd4 Bf5 10. Be3 O-O 11. Nc3 c5 12. Qxd8 Raxd8 13. Ne2 g5 14. Rfd1 f6 15. Rd3 g4 16. Nh4 fxe5 17. Rxd8 Bxd8 18. Nxf5 Rxf5 19. Ng3 Nxg3 20. hxg3 Be7 21. Rd1 Bd6 22. Rd5 b6 23. Rd3 c4 24. Rd5 Rf6 25. Kf1 Kf7 26. Ke2 Rf5 27. Rd1 Ke6 28. Rh1 h5 29. Rd1 Rf7 30. Rh1 Rh7 31. Rd1 b5 32. Bd2 Kf5 33. Rh1 Bc5 34. Be3 Bd6 35. f3 e4 36. fxg4+ Kxg4 37. Rh4+ Kxg3 38. Rxe4 Kxg2 39. Re6 h4 40. Rg6+ Bg3 41. Bf4 Re7+ 42. Kd2 Kf3 43. Bxg3 hxg3 44. Rxa6 Kf2 45. Rf6+ Kg1 46. Rg6 g2 47. Rh6 Re5 48. Rh7 Kf2 49. Rf7+ Kg3 0-1

[Event "CAN-op (Pinnacle 48th CAN Op Ch)"]
[Site "Toronto CAN"]
[Date "2011.07.16"]
[Round "8"]
[White "Nicholson, Matthew"]
[Black "Day, Lawrence"]
[Result "1-0"]
[WhiteElo "1933"]
[BlackElo "2251"]
[PlyCount "45"]
[GameId "2160767909707481"]
[EventDate "2011.07.09"]
[EventType "swiss"]
[EventRounds "9"]
[EventCountry "CAN"]
[SourceTitle "CBM 143 Extra"]
[Source "ChessBase"]
[SourceDate "2011.08.29"]
[SourceVersion "1"]
[SourceVersionDate "2011.08.29"]
[SourceQuality "1"]

1. e4 g6 2. d4 d6 3. Nf3 Bg7 4. Bc4 c6 5. O-O d5 6. Bb3 dxe4 7. Ng5 Nh6 8. Nxe4 Bg4 9. Qd3 Bf5 10. c3 Nd7 11. Qe2 Qc7 12. Ng3 Bxb1 13. Rxb1 Nf6 14. Re1 Qd7 15. Bg5 e6 16. Qf3 Nhg8 17. Ne2 Nd5 18. c4 Nc7 19. d5 cxd5 20. cxd5 Nxd5 21. Rbd1 h6 22. Bxd5 hxg5 23. Bxb7 1-0

[Event "CAN-op (Pinnacle 48th CAN Op Ch)"]
[Site "Toronto CAN"]
[Date "2011.07.16"]
[Round "8"]
[White "Olden-Cooligan, Ben"]
[Black "Melekhina, Alisa"]
[Result "0-1"]
[WhiteElo "1893"]
[BlackElo "2262"]
[PlyCount "106"]
[GameId "2160767909707483"]
[EventDate "2011.07.09"]
[EventType "swiss"]
[EventRounds "9"]
[EventCountry "CAN"]
[SourceTitle "hb 2011"]

1. d4 Nf6 2. c4 g6 3. Nc3 Bg7 4. g3 O-O 5. Bg2 d6 6. Nf3 Nc6 7. O-O Bf5 8. d5 Na5 9. Nd2 c5 10. e4 Bd7 11. Re1 e5 12. h3 Bh6 13. b3 a6 14. Nf1 Bxc1 15. Qxc1 Nh5 16. Kh2 b5 17. Nd2 f5 18. Qc2 Qg5 19. Qd3 Qh6 20. Rad1 f4 21. Rf1 Rab8 22. Rb1 bxc4 23. bxc4 Rb4 24. a3 Rxb1 25. Ncxb1 Nf6 26. Nc3 fxg3+ 27. fxg3 Ng4+ 28. Kg1 Qe3+ 29. Qxe3 Nxe3 30. Rxf8+ Kxf8 31. Bf1 Nxf1 32. Kxf1 Bxh3+ 33. Kf2 Bd7 34. Ke3 Ke7 35. Kd3 Kf6 36. Nf1 Kg5 37. Ne3 h5 38. Ke2 h4 39. Kf2 Nb3 40. gxh4+ Kxh4 41. Ng2+ Kh3 42. Ne3 Nd4 43. Nb1 Ba4 44. Nd2 Nc2 45. Nf3 Nxe3 46. Kxe3 Kg4 47. Nh2+ Kh5 48. Nf3 g5 49. Nd2 Kg4 50. Nf3 Bd1 51. Nh2+ Kg3 52. Nf1+ Kg2 53. Nd2 g4 0-1

[Event "CAN-op (Pinnacle 48th CAN Op Ch)"]
[Site "Toronto CAN"]
[Date "2011.07.16"]
[Round "8"]
[White "Pechenkin, Vladimir"]
[Black "Frilles, Ruperto"]
[Result "1-0"]
[WhiteElo "2408"]
[BlackElo "2105"]
[PlyCount "95"]
[GameId "2160767909707484"]
[EventDate "2011.07.09"]
[EventType "swiss"]
[EventRounds "9"]
[EventCountry "CAN"]
[SourceTitle "EXT 2022"]
[Source "ChessBase"]
[SourceDate "2021.10.06"]
[SourceVersion "1"]
[SourceVersionDate "2021.10.06"]
[SourceQuality "1"]

1. c4 c5 2. g3 Nc6 3. Bg2 g6 4. Nc3 Bg7 5. Nf3 d6 6. O-O e5 7. a3 Nge7 8. b4 O-O 9. Rb1 cxb4 10. axb4 Be6 11. d3 h6 12. b5 Nb8 13. Ba3 Qd7 14. Ne1 f5 15. Qb3 Nc8 16. Nc2 Rf7 17. Ne3 f4 18. Ned5 Bh3 19. Ne4 Bxg2 20. Kxg2 Kh8 21. f3 Qd8 22. Ra1 Bf8 23. gxf4 Nd7 24. fxe5 Nxe5 25. f4 Nd7 26. Bb2+ Bg7 27. Rf3 Nc5 28. Bxg7+ Rxg7 29. Qc3 Nxe4 30. dxe4 Nb6 31. Rh3 h5 32. Rg3 Nxd5 33. exd5 Qe8 34. Qd3 Qf7 35. e3 b6 36. Rg5 Rc8 37. Kf3 Qf6 38. Rag1 Rcg8 39. h4 Qf7 40. Qd4 Kh7 41. e4 Kh6 42. f5 gxf5 43. exf5 Kh7 44. Kf4 Rxg5 45. hxg5 Qe8 46. Qf6 Rg7 47. Qh6+ Kg8 48. Qe6+ 1-0

[Event "CAN-op (Pinnacle 48th CAN Op Ch)"]
[Site "Toronto CAN"]
[Date "2011.07.16"]
[Round "8"]
[White "Peev, Pavel"]
[Black "Luo, Zhao Yang"]
[Result "1/2-1/2"]
[WhiteElo "2083"]
[BlackElo "1894"]
[PlyCount "73"]
[GameId "2160767909707485"]
[EventDate "2011.07.09"]
[EventType "swiss"]
[EventRounds "9"]
[EventCountry "CAN"]
[SourceTitle "hb 2011"]

1. e4 c6 2. Nf3 d5 3. e5 c5 4. d4 Nc6 5. c3 Bg4 6. Bb5 e6 7. O-O Qb6 8. Ba4 Bxf3 9. gxf3 h5 10. a3 Nh6 11. dxc5 Bxc5 12. b4 Be7 13. Be3 Qd8 14. Ra2 Nf5 15. f4 Kf8 16. Rd2 g5 17. Bxc6 bxc6 18. fxg5 Bxg5 19. Bc5+ Ke8 20. f4 Bxf4 21. Qa4 Rc8 22. Re2 Rg8+ 23. Kh1 Qh4 24. Rg1 Ng3+ 25. Rxg3 Bxg3 26. Nd2 Bxh2 27. Nf3 Qg4 28. Rf2 Bxe5 29. Qxa7 Bc7 30. Qb7 e5 31. Qxc6+ Qd7 32. Qh6 e4 33. Ng5 Qg4 34. Qc6+ Qd7 35. Qh6 Qg4 36. Qc6+ Qd7 37. Qh6 1/2-1/2

[Event "CAN-op (Pinnacle 48th CAN Op Ch)"]
[Site "Toronto CAN"]
[Date "2011.07.16"]
[Round "8"]
[White "Pieri, Enzo"]
[Black "Posaratnanathan, Juliaan"]
[Result "1-0"]
[WhiteElo "1734"]
[BlackElo "1902"]
[PlyCount "161"]
[GameId "2160767909707487"]
[EventDate "2011.07.09"]
[EventType "swiss"]
[EventRounds "9"]
[EventCountry "CAN"]
[SourceTitle "hb 2011"]

1. d4 Nf6 2. c4 e6 3. Nc3 Bb4 4. a3 Bxc3+ 5. bxc3 h6 6. Nf3 O-O 7. e3 b6 8. Bd3 Bb7 9. O-O d5 10. Re1 Nbd7 11. cxd5 exd5 12. Qc2 Rc8 13. a4 c5 14. Ba3 Re8 15. Bf5 cxd4 16. Nxd4 a6 17. Rab1 Rc4 18. Bd3 Rc8 19. Qb3 g6 20. f4 Ng4 21. Bc1 Nxh2 22. Be2 Qh4 23. Bd2 h5 24. Nf3 Nxf3+ 25. Bxf3 Rc5 26. Re2 a5 27. Be1 Qe7 28. Bf2 Rec8 29. Rc1 Ba6 30. Rd2 Bc4 31. Qd1 Nf6 32. e4 dxe4 33. Bxc5 Qxc5+ 34. Kh1 exf3 35. Qxf3 Bd5 36. Qd3 Bc6 37. Re2 Ng4 38. Qd4 Qxd4 39. cxd4 Bd7 40. Rxc8+ Bxc8 41. Re8+ Kg7 42. Rxc8 Nf2+ 43. Kg1 Nd3 44. d5 Kf6 45. Rc6+ Ke7 46. g3 Nc5 47. Rxb6 Nxa4 48. Rb5 Nc3 49. Rxa5 Kd6 50. Ra7 Kxd5 51. Rxf7 Ke6 52. Rf8 Ke7 53. Ra8 h4 54. Ra3 Ne2+ 55. Kg2 Nxg3 56. Kh3 Nf5 57. Kg4 Ng7 58. Kxh4 Kf6 59. Kg4 Nf5 60. Ra6+ Kf7 61. Kg5 Ne7 62. Ra7 Ke6 63. Rxe7+ Kxe7 64. Kxg6 Ke8 65. Kg7 Ke7 66. f5 Ke8 67. f6 Kd7 68. f7 Kd6 69. f8=Q+ Ke5 70. Kg6 Ke4 71. Qf5+ Kd4 72. Qe6 Kd3 73. Kf5 Kd4 74. Kf4 Kd3 75. Qe4+ Kc3 76. Ke3 Kb3 77. Kd3 Kb2 78. Qc4 Ka3 79. Qb5 Ka2 80. Kc2 Ka3 81. Qb3# 1-0

[Event "CAN-op (Pinnacle 48th CAN Op Ch)"]
[Site "Toronto CAN"]
[Date "2011.07.16"]
[Round "8"]
[White "Purewal, Sardul"]
[Black "Chidley-Hill, John"]
[Result "1/2-1/2"]
[WhiteElo "2004"]
[BlackElo "1787"]
[PlyCount "103"]
[GameId "2160767909707489"]
[EventDate "2011.07.09"]
[EventType "swiss"]
[EventRounds "9"]
[EventCountry "CAN"]
[SourceTitle "hb 2011"]

1. d4 Nf6 2. c4 e6 3. Nf3 b6 4. e3 Bb7 5. Nc3 d5 6. cxd5 Nxd5 7. Bd2 Nd7 8. Be2 Be7 9. O-O O-O 10. Rc1 c5 11. dxc5 Nxc5 12. a3 Bf6 13. b4 Nd7 14. Nxd5 Bxd5 15. Bc3 Qe7 16. Bb5 Rfd8 17. Qe2 Rac8 18. Bxf6 Nxf6 19. Ba6 Bb7 20. Bxb7 Qxb7 21. h3 h6 22. Rfd1 Rxd1+ 23. Rxd1 Nd5 24. Qd2 Qa6 25. Qd3 Qa4 26. e4 Nc3 27. Ra1 Qb3 28. Qa6 Rc7 29. Qd3 Qc4 30. Qd8+ Kh7 31. e5 Nd5 32. Rd1 Qb3 33. Rd4 Qxa3 34. Rxd5 Rc1+ 35. Rd1 Rxd1+ 36. Qxd1 Qxb4 37. Qd7 a5 38. Qxf7 Qb3 39. Qd7 a4 40. Qd2 b5 41. Ne1 Kg6 42. Qd3+ Qxd3 43. Nxd3 a3 44. Nc1 Kf5 45. Kf1 Kxe5 46. Ke2 Kd4 47. Kd2 e5 48. Kc2 g5 49. Nb3+ Kc4 50. Nc1 Kd4 51. Ne2+ Kc4 52. Nc1 1/2-1/2

[Event "CAN-op (Pinnacle 48th CAN Op Ch)"]
[Site "Toronto CAN"]
[Date "2011.07.16"]
[Round "8"]
[White "Razzaq, Ali"]
[Black "Nasir, Pi"]
[Result "0-1"]
[WhiteElo "1967"]
[BlackElo "1599"]
[PlyCount "119"]
[GameId "2160767909707490"]
[EventDate "2011.07.09"]
[EventType "swiss"]
[EventRounds "9"]
[EventCountry "CAN"]

1. d4 e6 2. Nf3 d5 3. e3 Nf6 4. Bd3 Be7 5. Nbd2 c5 6. b3 Nc6 7. O-O O-O 8. Bb2 Qc7 9. dxc5 e5 10. Bb5 e4 11. Nd4 Bxc5 12. Bxc6 bxc6 13. c4 Bg4 14. Qc2 Qd6 15. Rac1 Rac8 16. f3 exf3 17. N2xf3 Rfe8 18. Qf2 Qe7 19. Rfe1 Bb4 20. Nd2 Ne4 21. Qf4 Bxd2 22. Qxg4 Bxc1 23. Bxc1 Qg5 24. Qd7 Qe7 25. Qh3 Qg5 26. Ba3 Qg6 27. Nf5 Qe6 28. Qg4 g6 29. Nh6+ Kg7 30. Bb2+ f6 31. Qh4 dxc4 32. bxc4 Rcd8 33. Ng4 h5 34. Nxf6 Nxf6 35. Rf1 Rf8 36. e4 Rd2 37. Ba1 Rxa2 38. e5 Nd7 39. Rd1 Rxa1 40. Rxa1 Qxe5 41. Re1 Qf6 42. Qg3 Rf7 43. Rc1 Ne5 44. h3 c5 45. Qa3 Qf4 46. Qc3 Qd4+ 47. Qxd4 cxd4 48. Rd1 d3 49. g4 hxg4 50. hxg4 Rf4 51. c5 Rxg4+ 52. Kf2 Rc4 53. Ra1 Rxc5 54. Rxa7+ Kf6 55. Ke3 Rd5 56. Ra6+ Kf5 57. Kd2 g5 58. Ra1 g4 59. Rf1+ Nf3+ 60. Kd1 0-1

[Event "CAN-op (Pinnacle 48th CAN Op Ch)"]
[Site "Toronto CAN"]
[Date "2011.07.16"]
[Round "8"]
[White "Reshef, Omer"]
[Black "Florea, Alexandru"]
[Result "1-0"]
[WhiteElo "2145"]
[BlackElo "2065"]
[PlyCount "95"]
[GameId "2160767909707491"]
[EventDate "2011.07.09"]
[EventType "swiss"]
[EventRounds "9"]
[EventCountry "CAN"]
[SourceTitle "hb 2011"]

1. e4 c5 2. Nf3 d6 3. d4 cxd4 4. Nxd4 Nf6 5. Nc3 g6 6. Be3 Bg7 7. f3 O-O 8. Qd2 Nc6 9. g4 h5 10. h3 d5 11. g5 Nh7 12. O-O-O dxe4 13. Nxc6 Qxd2+ 14. Rxd2 bxc6 15. Nxe4 Be6 16. Bc5 Rfe8 17. Ba6 f5 18. gxf6 exf6 19. Kb1 Bd5 20. c4 Bxe4+ 21. fxe4 Ng5 22. Rd7 Nxe4 23. Bxa7 f5 24. c5 Nxc5 25. Bc4+ Ne6 26. Re1 Kh8 27. Rxe6 Rxe6 28. Bxe6 Re8 29. Bf7 Re2 30. Bd4 Bxd4 31. Rxd4 Kg7 32. Bc4 Re7 33. a4 g5 34. Bd3 f4 35. Re4 Rd7 36. Kc2 Kf6 37. Be2 Kf5 38. Rc4 g4 39. hxg4+ hxg4 40. Rc5+ Rd5 41. Rxd5+ cxd5 42. Bd3+ Ke5 43. Kd2 f3 44. a5 Kf4 45. a6 g3 46. a7 g2 47. a8=Q g1=Q 48. Qb8+ 1-0

[Event "CAN-op (Pinnacle 48th CAN Op Ch)"]
[Site "Toronto CAN"]
[Date "2011.07.16"]
[Round "8"]
[White "Roller, Robert"]
[Black "Hayder, Ali"]
[Result "0-1"]
[WhiteElo "1993"]
[BlackElo "2120"]
[PlyCount "109"]
[GameId "2160767909707493"]
[EventDate "2011.07.09"]
[EventType "swiss"]
[EventRounds "9"]
[EventCountry "CAN"]
[SourceTitle "hb 2011"]

1. e4 c5 2. Nc3 Nc6 3. f4 d6 4. Nf3 Bg4 5. Bb5 e6 6. Bxc6+ bxc6 7. d3 Bxf3 8. Qxf3 Qh4+ 9. g3 Qh3 10. b3 g6 11. Bb2 Bg7 12. O-O-O Ne7 13. Na4 Bxb2+ 14. Kxb2 O-O 15. c4 f6 16. Rd2 e5 17. Qg2 Qxg2 18. Rxg2 Kg7 19. Rf1 Ng8 20. Nc3 Nh6 21. g4 Nf7 22. h4 exf4 23. Rxf4 Ne5 24. Kc2 g5 25. hxg5 fxg5 26. Rf5 Rxf5 27. exf5 Nf3 28. Rg3 Nd4+ 29. Kd2 a5 30. Ne4 h6 31. Nxd6 a4 32. f6+ Kxf6 33. Ne4+ Ke5 34. Nxc5 axb3 35. Re3+ Kf4 36. Re4+ Kf3 37. axb3 Ra2+ 38. Kc3 Ne2+ 39. Kb4 Nf4 40. Re8 Kxg4 41. d4 h5 42. Ne4 h4 43. Rg8 Kf5 44. Nd6+ Kg4 45. Ne4 Nh3 46. d5 cxd5 47. cxd5 Kf5 48. d6 Kxe4 49. d7 Rd2 50. d8=Q Rxd8 51. Rxd8 Nf4 52. Rg8 h3 53. Ka5 Kf3 54. b4 h2 55. Rh8 0-1

[Event "CAN-op (Pinnacle 48th CAN Op Ch)"]
[Site "Toronto CAN"]
[Date "2011.07.16"]
[Round "8"]
[White "Southam, David"]
[Black "Wiebe, Daniel"]
[Result "1/2-1/2"]
[WhiteElo "2124"]
[BlackElo "1938"]
[PlyCount "49"]
[GameId "2160767909707497"]
[EventDate "2011.07.09"]
[EventType "swiss"]
[EventRounds "9"]
[EventCountry "CAN"]
[SourceTitle "hb 2011"]

1. d4 Nf6 2. c4 g6 3. Nc3 d5 4. cxd5 Nxd5 5. e4 Nxc3 6. bxc3 Bg7 7. Nf3 c5 8. Be3 Qa5 9. Qd2 O-O 10. Rc1 cxd4 11. cxd4 Qxd2+ 12. Nxd2 e6 13. Nb3 b6 14. f3 Ba6 15. Kd2 Bxf1 16. Rhxf1 Na6 17. Rc2 Rfc8 18. Rfc1 Rxc2+ 19. Rxc2 Bf8 20. a4 Bb4+ 21. Ke2 Kf8 22. Nc1 Bd6 23. g3 Ke8 24. Nd3 Kd7 25. Bd2 1/2-1/2

[Event "CAN-op (Pinnacle 48th CAN Op Ch)"]
[Site "Toronto CAN"]
[Date "2011.07.16"]
[Round "8"]
[White "Tot, Nandor"]
[Black "Opaska, Michael"]
[Result "1-0"]
[WhiteElo "2119"]
[BlackElo "2001"]
[PlyCount "37"]
[GameId "2160767909707499"]
[EventDate "2011.07.09"]
[EventType "swiss"]
[EventRounds "9"]
[EventCountry "CAN"]
[SourceTitle "EXT 2022"]
[Source "ChessBase"]
[SourceDate "2021.10.06"]
[SourceVersion "1"]
[SourceVersionDate "2021.10.06"]
[SourceQuality "1"]

1. d4 Nf6 2. Nf3 g6 3. Bf4 Bg7 4. h3 O-O 5. e3 d6 6. Bh2 c5 7. c3 Be6 8. Be2 Qb6 9. b3 h6 10. O-O Qa5 11. Nfd2 d5 12. a4 Nc6 13. Na3 a6 14. Rc1 Rfd8 15. dxc5 Qxc5 16. b4 Qa7 17. b5 Na5 18. Bc7 Nc4 19. Naxc4 1-0

[Event "CAN-op (Pinnacle 48th CAN Op Ch)"]
[Site "Toronto CAN"]
[Date "2011.07.16"]
[Round "8"]
[White "Ugodnikov, Arkadiy"]
[Black "Ang, Alan"]
[Result "1-0"]
[WhiteElo "1818"]
[BlackElo "2029"]
[PlyCount "108"]
[GameId "2160767909707500"]
[EventDate "2011.07.09"]
[EventType "swiss"]
[EventRounds "9"]
[EventCountry "CAN"]
[SourceTitle "hb 2011"]

1. e4 e6 2. d4 d5 3. Nd2 Nf6 4. e5 Nfd7 5. Bd3 c5 6. c3 Nc6 7. Ne2 cxd4 8. cxd4 f6 9. exf6 Nxf6 10. O-O Bd6 11. Nf3 O-O 12. Bf4 Bxf4 13. Nxf4 Ne4 14. Ne2 Ng5 15. Nxg5 Qxg5 16. f4 Qf6 17. Kh1 Bd7 18. Rc1 Rac8 19. Qd2 g6 20. Bb1 b6 21. Qe3 Na5 22. b3 Bb5 23. Bd3 Bxd3 24. Qxd3 Nc6 25. Kg1 Nb4 26. Qd2 Qe7 27. Rfe1 Nc6 28. Qe3 Qf6 29. g3 Rfe8 30. Kg2 Qf5 31. Qd2 Rc7 32. Rc2 Rec8 33. Rec1 Kf8 34. b4 b5 35. a3 Qe4+ 36. Kg1 Ke8 37. Rc5 a6 38. Kf2 Kd7 39. Qe3 Qxe3+ 40. Kxe3 Ne7 41. g4 Ng8 42. Nc3 Nf6 43. h3 Ne8 44. f5 gxf5 45. gxf5 Rxc5 46. dxc5 Nc7 47. fxe6+ Kxe6 48. Rg1 Kf6 49. Kd4 Rd8 50. Rf1+ Ke6 51. Ne2 Rd7 52. Nf4+ Ke7 53. Re1+ Kf6 54. Re5 Kg7 1-0

[Event "CAN-op (Pinnacle 48th CAN Op Ch)"]
[Site "Toronto CAN"]
[Date "2011.07.16"]
[Round "8"]
[White "Willis, Bradley"]
[Black "Peng, Jackie"]
[Result "0-1"]
[WhiteElo "2094"]
[BlackElo "1991"]
[PlyCount "53"]
[GameId "2160767909707503"]
[EventDate "2011.07.09"]
[EventType "swiss"]
[EventRounds "9"]
[EventCountry "CAN"]
[SourceTitle "hb 2011"]

1. e4 c5 2. Nc3 d6 3. f4 Nc6 4. Bb5 Bd7 5. d3 g6 6. Nf3 Bg7 7. O-O e6 8. f5 gxf5 9. exf5 Qb6 10. fxe6 Bxe6 11. Ng5 Nf6 12. Qe1 O-O-O 13. Nxe6 fxe6 14. Qxe6+ Kb8 15. Bxc6 Qxc6 16. Bg5 Rde8 17. Qf7 Rhg8 18. Kh1 Ng4 19. Qh5 Bxc3 20. bxc3 Ne3 21. Rf2 Qd5 22. h4 h6 23. c4 Qe5 24. Re1 hxg5 25. Rf3 Rh8 26. Rfxe3 Rxh5 27. Rxe5 0-1

[Event "CAN-op (Pinnacle 48th CAN Op Ch)"]
[Site "Toronto CAN"]
[Date "2011.07.16"]
[Round "8"]
[White "Zenyuk, Iryna"]
[Black "Yee, Lorne"]
[Result "1-0"]
[WhiteElo "2222"]
[BlackElo "2210"]
[PlyCount "65"]
[GameId "2160767909707505"]
[EventDate "2011.07.09"]
[EventType "swiss"]
[EventRounds "9"]
[EventCountry "CAN"]
[SourceTitle "CBM 143 Extra"]
[Source "ChessBase"]
[SourceDate "2011.08.29"]
[SourceVersion "1"]
[SourceVersionDate "2011.08.29"]
[SourceQuality "1"]

1. d4 d5 2. c4 dxc4 3. Nf3 Nf6 4. e3 Bg4 5. Bxc4 e6 6. Nc3 a6 7. a4 Nc6 8. Be2 Bd6 9. O-O O-O 10. Qc2 Qe7 11. h3 Bh5 12. Bd2 Rfd8 13. Rad1 Nb4 14. Qb1 c5 15. Ne5 cxd4 16. exd4 Bxe2 17. Nxe2 Nfd5 18. Nc3 Bxe5 19. dxe5 Nxc3 20. Bxc3 Nd5 21. Bd2 Qh4 22. f4 Rd7 23. Be1 Qe7 24. Qe4 g6 25. Rf3 Rc8 26. Rfd3 Rdc7 27. b3 Rc2 28. Bd2 Qc5+ 29. Kh2 b5 30. axb5 axb5 31. f5 Qf2 32. Rf3 gxf5 33. Qxc2 1-0

[Event "CAN-op (Pinnacle 48th CAN Op Ch)"]
[Site "Toronto CAN"]
[Date "2011.07.17"]
[Round "9"]
[White "Abrahams, Daniel"]
[Black "Agbabishvili, Lali"]
[Result "1/2-1/2"]
[WhiteElo "2161"]
[BlackElo "1954"]
[PlyCount "127"]
[GameId "2160767909707506"]
[EventDate "2011.07.09"]
[EventType "swiss"]
[EventRounds "9"]
[EventCountry "CAN"]
[SourceTitle "hb 2011"]

1. e4 d6 2. d4 Nf6 3. Nc3 g6 4. h3 a6 5. a4 Bg7 6. g4 c5 7. dxc5 Qa5 8. Bg2 Qxc5 9. Nge2 h6 10. Be3 Qa5 11. O-O Nc6 12. Nf4 g5 13. Nfd5 Nd7 14. Bd2 Qd8 15. Ne3 e6 16. Qe2 Nde5 17. Rfd1 Nd4 18. Qf1 Qc7 19. f3 Bd7 20. Be1 Ng6 21. Bf2 Rc8 22. Rd2 Nf4 23. Re1 Nxh3+ 24. Kh1 Nxf2+ 25. Qxf2 h5 26. Kg1 Qc5 27. e5 d5 28. Nexd5 exd5 29. Qxd4 Bf8 30. Kf1 Qxd4 31. Rxd4 Be6 32. gxh5 Bc5 33. Rdd1 Bb4 34. Re3 Bxc3 35. bxc3 Rxh5 36. Rb1 Rc7 37. Rb4 Rh4 38. Rxh4 gxh4 39. f4 Rc4 40. Rf3 h3 41. Bh1 Bg4 42. Rf2 Rxa4 43. Kg1 Bf5 44. Bxd5 Be4 45. Bb3 Ra1+ 46. Kh2 Bf5 47. Rd2 Rf1 48. Kg3 Rg1+ 49. Kh2 Rf1 50. Bd5 Rxf4 51. Bxb7 Rc4 52. Bxa6 Rxc3 53. Bd3 Be6 54. Kg3 Ke7 55. Rf2 Ra3 56. Kf4 f6 57. exf6+ Kxf6 58. Ke4+ Ke7 59. Kd4 Ra5 60. c4 Rg5 61. Be4 Rg4 62. c5 h2 63. Rxh2 Bf5 64. Re2 1/2-1/2

[Event "CAN-op (Pinnacle 48th CAN Op Ch)"]
[Site "Toronto CAN"]
[Date "2011.07.17"]
[Round "9"]
[White "Bellissimo, Joseph"]
[Black "Karmalkar, Vilas"]
[Result "1-0"]
[WhiteElo "1977"]
[BlackElo "1608"]
[PlyCount "55"]
[GameId "2160767909707509"]
[EventDate "2011.07.09"]
[EventType "swiss"]
[EventRounds "9"]
[EventCountry "CAN"]
[SourceTitle "EXT 2022"]
[Source "ChessBase"]
[SourceDate "2021.10.06"]
[SourceVersion "1"]
[SourceVersionDate "2021.10.06"]
[SourceQuality "1"]

1. e4 e5 2. Nf3 Nc6 3. Bc4 h6 4. d4 exd4 5. Nxd4 Ne5 6. Bb3 Nf6 7. Nc3 Bb4 8. O-O Bxc3 9. bxc3 d6 10. f4 Ng6 11. Qf3 Bg4 12. Qd3 O-O 13. Nf3 Nd7 14. Be3 Be6 15. Bxe6 fxe6 16. Nd4 Nc5 17. Qc4 Qe7 18. Ne2 Kh8 19. Bxc5 dxc5 20. Rad1 Rad8 21. Rd3 b6 22. Rg3 Rf6 23. e5 Nxe5 24. fxe5 Rxf1+ 25. Kxf1 Rd1+ 26. Kf2 Qf7+ 27. Rf3 Qg6 28. Rd3 1-0